| 000 | 02000nam a22002895a 4500 | ||
|---|---|---|---|
| 003 | OSt | ||
| 005 | 20170123125215.0 | ||
| 008 | 170123s2012 ua frb 000 0 ara d | ||
| 015 | _a2012 / 13153 | ||
| 020 | _a9789770470398 | ||
| 040 |
_aEG-ScBUE _bara _cEG-ScBUE |
||
| 043 | _af-ua--- | ||
| 082 | 0 | 4 |
_a342.620664 _bع ط ي _222 |
| 100 | 1 | _aعطية، محمود حمدي عباس. | |
| 245 | 1 | 2 |
_aالمرجع في شرح اختصاصات لجان قسم الفتوى بمجلس الدولة / _cمحمود حمدي عباس عطية. |
| 260 |
_aالقاهرة : _bدار النهضة العربية، _c2012. |
||
| 300 |
_a615 ص. ؛ _c24 سم. |
||
| 500 | _aيشتمل على ملحق خاص يحتوي على نماذج متنوعة من أحدث فتاوى لجان قسم الفتوى خلال الفترة من عام 2005 وحتى آخر عام 2011. | ||
| 504 | _aيشتمل على إرجاعات ببليوجرافية. | ||
| 505 | 0 | _a-ترتيب وتشكيل قسم الفتوى بمجلس الدولة - تمييز الاختصاص الاستشاري لمجلس الدولة - وظيفة مراجعة صياغة تصرفات الجهات الإدارية وعوارض مباشرتها - نماذج مراجعة لجان الفتوى لأبرز البنود في العقود الإدارية - وظيفة إبداء الرأي القانوني للجهات الإدارية وعوارض مباشرتها - حدود إلتزام جهات الإدارة بما يصدر عن لجان الفتوى من رأي (الأثر المترتب على إتباع أو مخالفة رأي لجان قسم الفتوى - حدود إعادة العرض على لجان قسم الفتوى) | |
| 610 | 1 | 2 |
_a مصر. _bمجلس الدولة. _bالجمعية العمومية لقسمي الفتوى والتشريع. _2BUEsh |
| 650 | 7 |
_aالتشريع _zمصر. _2BUEsh |
|
| 650 | 7 |
_aالقانون _zمصر. _2BUEsh _914728 |
|
| 651 | _2BUEsh | ||
| 653 |
_bLLAAWW _cJanuary2017 |
||
| 942 | _2ddc | ||
| 999 |
_c24006 _d23978 |
||